Malaysia International Jewellery & Watch Fair : Malaysia Jewellery Time '97 (January 16-19 : 1997).
| Format: | Book |
|---|---|
| Published: |
Kuala Lumpur:
Brilliant-Art Trade Fairs,
1997.
|
| Subjects: |
| LEADER | 00526cam a2200157 7i4500 | ||
|---|---|---|---|
| 001 | 0000005618 | ||
| 005 | 19991025090000.0 | ||
| 002 | ##000007256 | ||
| 020 | 0 | 0 | |a T000005659 |
| 090 | 0 | 0 | |a P 391.7 |b MAL |
| 245 | 0 | 0 | |a Malaysia International Jewellery & Watch Fair : |b Malaysia Jewellery Time '97 (January 16-19 : 1997). |
| 260 | 0 | 0 | |a Kuala Lumpur: |b Brilliant-Art Trade Fairs, |c 1997. |
| 300 | 0 | 0 | |a 32 p.. |
| 650 | 0 | 0 | |a Jewellery -- |x Exhibitions -- |z Malaysia |
| 651 | 0 | 0 | |a Malaysia |
| 999 | |a 0000008349 |b Book |c Open shelf |e Business Information Centre | ||